00581nam a2200217 a 4500001001300000003000900013005001700022008004100039020002600080082001800106100002500124245003100149260004400180300000900224500003500233505001000268650001800278650001700296650002500313700002500338nice12345678IN_TiNIC20260116012253.0050524s1978 lona grp 000 0 eng  a0713942 c596.2500a954.0317bHIB aHibbert, Christopher aGreat Mutiny of India 1857 aLondonbAllen Lane, Penguin Booksc1978 a472p aincludes index and biblioraphy2 aIndex aBritish-India aMughal India aIndia-Historiography1 aHibbert, Christopher